[Event "2nd Guotai Cup Belt Road 2019"]
[Site "Qinhuangdao"]
[Date "2019.04.16"]
[Round "1.8"]
[White "Li, Yunshan"]
[Black "Oleksiyenko, Mykhaylo"]
[Result "1/2-1/2"]
[WhiteElo "2191"]
[BlackElo "2598"]
[Annotator "ChessBase"]
[PlyCount "128"]
[EventDate "2019.04.16"]
[EventType "swiss"]
[EventCountry "CHN"]
[SourceTitle "playchess.com"]
[Source "ChessBase"]
[SourceQuality "1"]
[TimeControl "5400+30"]

1. d4 {[%emt 0:00:00]} Nf6 {[%emt 0:00:05]} 2. c4 {[%emt 0:00:00]} e6 {[%emt 0:00:19]} 3. g3 {[%emt 0:00:00]} c5 {[%emt 0:00:33]} 4. d5 {[%emt 0:00:02]} exd5 {[%emt 0:00:12]} 5. cxd5 {[%emt 0:00:04]} d6 {[%emt 0:00:21]} 6. Nc3 {[%emt 0:00:12]} g6 {[%emt 0:00:18]} 7. Bg2 {[%emt 0:00:09]} Bg7 {[%emt 0:00:06]} 8. Nf3 {[%emt 0:00:06]} O-O {[%emt 0:00:07]} 9. O-O {[%emt 0:00:09]} Re8 {[%emt 0:01:06]} 10. Bf4 {[%emt 0:05:11]} Na6 {[%emt 0:01:30]} 11. Re1 {[%emt 0:01:26]} Bg4 {[%emt 0:01:21]} 12. e4 {[%emt 0:11:43]} Nd7 {[%emt 0:02:08]} 13. Qd2 {[%emt 0:10:45]} c4 {[%emt 0:24:40]} 14. Bxd6 {[%emt 0:22:38]} Nac5 {[%emt 0:12:31]} 15. Bxc5 {[%emt 0:05:09]} Nxc5 {[%emt 0:02:24]} 16. e5 {[%emt 0:09:59]} Nd3 {[%emt 0:10:56]} 17. Re4 {[%emt 0:01:07]} Bxf3 {[%emt 0:00:28]} 18. Bxf3 {[%emt 0:00:09]} Nxe5 {[%emt 0:00:04]} 19. Bg2 {[%emt 0:00:32]} Rc8 {[%emt 0:16:37]} 20. Rd1 {[%emt 0:09:26]} Qd6 {[%emt 0:03:37]} 21. Qe2 {[%emt 0:09:34]} Red8 {[%emt 0:04:32]} 22. Nb5 {[%emt 0:04:52]} Qc5 {[%emt 0:12:29]} 23. Na3 {[%emt 0:01:11]} Rxd5 {[%emt 0:02:18]} 24. Rxd5 {[%emt 0:01:00]} Qxd5 {[%emt 0:00:03]} 25. Rxc4 {[%emt 0:01:27]} Qd7 {[%emt 0:00:04]} 26. Rxc8+ {[%emt 0:00:24]} Qxc8 {[%emt 0:00:04]} 27. Qd2 {[%emt 0:00:44]} a6 {[%emt 0:02:47]} 28. b3 {[%emt 0:01:13]} b5 {[%emt 0:00:36]} 29. Nc2 {[%emt 0:00:41]} Qf5 {[%emt 0:01:34]} 30. Qe2 {[%emt 0:03:18]} Bf8 {[%emt 0:00:35]} 31. Qe4 {[%emt 0:01:16]} Qf6 {[%emt 0:00:23]} 32. Ne3 {[%emt 0:00:39]} Bc5 {[%emt 0:00:04]} 33. b4 {[%emt 0:00:34]} Bxe3 {[%emt 0:00:18]} 34. Qxe3 {[%emt 0:00:04]} Nc4 {[%emt 0:01:04]} 35. Qc1 {[%emt 0:00:42]} Qd6 {[%emt 0:00:38]} 36. a3 {[%emt 0:00:24]} Qd4 {[%emt 0:00:28]} 37. Bb7 {[%emt 0:00:47]} Qd7 {[%emt 0:00:11]} 38. Bg2 {[%emt 0:00:30]} h5 {[%emt 0:00:35]} 39. h4 {[%emt 0:00:09]} Qd3 {[%emt 0:00:41]} 40. a4 {[%emt 0:00:37]} Qb3 {[%emt 0:00:36]} 41. axb5 {[%emt 0:00:13]} axb5 {[%emt 0:00:03]} 42. Qe1 {[%emt 0:00:06]} Nd6 {[%emt 0:00:37]} 43. Qd2 {[%emt 0:00:46]} Qb1+ {[%emt 0:00:32]} 44. Kh2 {[%emt 0:00:24]} Nf5 {[%emt 0:00:11]} 45. Bc6 {[%emt 0:01:26]} Qf1 {[%emt 0:01:00]} 46. Be4 {[%emt 0:00:14]} Kh7 {[%emt 0:00:31]} 47. Bxf5 {[%emt 0:00:52]} gxf5 {[%emt 0:00:04]} 48. Qf4 {[%emt 0:00:28]} Qd3 {[%emt 0:00:14]} 49. Qg5 {[%emt 0:00:32]} Qf3 {[%emt 0:00:10]} 50. Qd2 {[%emt 0:00:17]} Kg6 {[%emt 0:01:06]} 51. Qd6+ {[%emt 0:00:35]} f6 {[%emt 0:00:18]} 52. Qc5 {[%emt 0:00:27]} f4 {[%emt 0:00:45]} 53. Qc2+ {[%emt 0:00:29]} f5 {[%emt 0:00:04]} 54. Qd2 {[%emt 0:00:25]} Kf7 {[%emt 0:01:29]} 55. Qd7+ {[%emt 0:00:48]} Kf6 {[%emt 0:00:16]} 56. Qd6+ {[%emt 0:00:08]} Kf7 {[%emt 0:00:04]} 57. Qd7+ {[%emt 0:00:25]} Kf6 {[%emt 0:00:45]} 58. Qd4+ {[%emt 0:00:38]} Kf7 {[%emt 0:00:17]} 59. gxf4 {[%emt 0:00:33]} Qg4 {[%emt 0:00:54]} 60. Qd7+ {[%emt 0:00:10]} Kf6 {[%emt 0:00:21]} 61. Qd6+ {[%emt 0:00:07]} Kf7 {[%emt 0:00:04]} 62. Qc7+ {[%emt 0:01:10]} Kf6 {[%emt 0:00:11]} 63. Qc6+ {[%emt 0:00:19]} Kf7 {[%emt 0:00:21]} 64. Qd7+ {[%emt 0:00:45]} Kf6 {[%emt 0:00:05]} 1/2-1/2

[Event "2nd Guotai Cup Belt Road 2019"]
[Site "Qinhuangdao"]
[Date "2019.04.16"]
[Round "1.9"]
[White "Idani, Pouya"]
[Black "Ma, Lin"]
[Result "1-0"]
[WhiteElo "2590"]
[BlackElo "2167"]
[Annotator "ChessBase"]
[PlyCount "61"]
[EventDate "2019.04.16"]
[EventType "swiss"]
[EventCountry "CHN"]
[SourceTitle "playchess.com"]
[Source "ChessBase"]
[SourceQuality "1"]
[TimeControl "5400+30"]

1. e4 {[%emt 0:01:11]} e5 {[%emt 0:00:00]} 2. Nf3 {[%emt 0:00:07]} Nf6 {[%emt 0:00:00]} 3. d3 {[%emt 0:00:15]} Nc6 {[%emt 0:01:13]} 4. g3 {[%emt 0:00:05]} Bc5 {[%emt 0:05:59]} 5. Bg2 {[%emt 0:00:06]} d6 {[%emt 0:01:58]} 6. c3 {[%emt 0:00:06]} Bb6 {[%emt 0:01:27]} 7. O-O {[%emt 0:02:45]} O-O {[%emt 0:04:20]} 8. b4 {[%emt 0:06:40]} Re8 {[%emt 0:15:01]} 9. Nbd2 {[%emt 0:02:17]} a6 {[%emt 0:01:06]} 10. Bb2 {[%emt 0:03:26]} h6 {[%emt 0:04:53]} 11. a3 {[%emt 0:01:59]} Nh7 {[%emt 0:15:58]} 12. d4 {[%emt 0:14:54]} Ng5 {[%emt 0:09:30]} 13. Nxg5 {[%emt 0:03:16]} hxg5 {[%emt 0:00:29]} 14. d5 {[%emt 0:11:25]} Nb8 {[%emt 0:08:36]} 15. c4 {[%emt 0:00:09]} c5 {[%emt 0:02:02]} 16. Kh1 {[%emt 0:05:49]} g4 {[%emt 0:09:05]} 17. Nb3 {[%emt 0:07:19]} Qc7 {[%emt 0:04:53]} 18. Rc1 {[%emt 0:01:09]} a5 {[%emt 0:00:25]} 19. f4 {[%emt 0:06:54]} gxf3 {[%emt 0:04:25]} 20. Qxf3 {[%emt 0:00:05]} axb4 {[%emt 0:02:24]} 21. axb4 {[%emt 0:00:06]} Re7 {[%emt 0:03:59]} 22. b5 {[%emt 0:00:50]} Ra4 {[%emt 0:02:07]} 23. g4 {[%emt 0:04:51]} Nd7 {[%emt 0:00:18]} 24. g5 {[%emt 0:07:51]} Nf8 {[%emt 0:00:04]} 25. Bh3 {[%emt 0:00:44]} Bxh3 {[%emt 0:01:20]} 26. Qxh3 {[%emt 0:00:06]} Ng6 {[%emt 0:00:42]} 27. Rc3 {[%emt 0:02:54]} Nf4 {[%emt 0:00:41]} 28. Qh4 {[%emt 0:07:07]} Ba5 {[%emt 0:00:26]} 29. Re3 {[%emt 0:01:25]} Re8 {[%emt 0:00:35]} 30. Rxf4 {[%emt 0:00:15]} exf4 {[%emt 0:00:11]} 31. Rh3 {[%emt 0:00:06]} 1-0

[Event "2nd Guotai Cup Belt Road 2019"]
[Site "Qinhuangdao"]
[Date "2019.04.16"]
[Round "1.10"]
[White "Otgonjargal, Sengeravdan"]
[Black "Xu, Yinglun"]
[Result "0-1"]
[WhiteElo "2162"]
[BlackElo "2532"]
[Annotator "RC"]
[PlyCount "90"]
[EventDate "2019.04.16"]
[EventType "swiss"]
[EventCountry "CHN"]
[SourceTitle "playchess.com"]
[Source "ChessBase"]
[SourceQuality "1"]
[TimeControl "5400+30"]

1. e4 {[%emt 0:00:58]} c5 {[%emt 0:00:00]} 2. Nf3 {[%emt 0:00:08]} e6 {[%emt 0:00:34]} 3. Nc3 {[%emt 0:02:06]} a6 {[%emt 0:00:56]} 4. d4 {[%emt 0:01:18]} cxd4 {[%emt 0:00:31]} 5. Nxd4 {[%emt 0:00:04]} d6 {[%emt 0:00:23]} 6. Bd3 {[%emt 0:04:20]} Nf6 {[%emt 0:02:26]} 7. O-O {[%emt 0:01:18]} Nbd7 {[%emt 0:01:37]} 8. Kh1 {[%emt 0:01:48]} Qc7 {[%emt 0:01:45]} 9. f4 {[%emt 0:03:25]} Be7 {[%emt 0:01:59]} 10. Qf3 {[%emt 0:02:31]} b5 {[%emt 0:00:16]} 11. a3 {[%emt 0:03:48]} Bb7 {[%emt 0:01:46]} 12. Bd2 {[%emt 0:01:31]} O-O {[%emt 0:05:13]} 13. Qh3 {[%emt 0:03:45]} Nc5 {[%emt 0:01:12]} 14. Rae1 {[%emt 0:01:35]} Rfd8 {[%emt 0:01:24]} 15. Nf3 {[%emt 0:10:08]} e5 {[%emt 0:11:35]} 16. Nh4 {[%emt 0:05:15]} d5 {[%emt 0:09:31]} 17. exd5 {[%emt 0:13:03]} e4 {[%emt 0:00:31]} 18. Nf5 {[%emt 0:08:44]} Bf8 {[%emt 0:01:18]} 19. Nxe4 {[%emt 0:13:30]} Nfxe4 {[%emt 0:02:38]} 20. Rxe4 {[%emt 0:00:40]} Nxe4 {[%emt 0:13:22]} 21. Bxe4 {[%emt 0:00:12]} g6 {[%emt 0:00:05]} 22. Bc3 {[%emt 0:05:08]} Bxd5 {[%emt 0:01:37]} 23. Qh4 {[%emt 0:11:16]} Bxe4 {[%emt 0:00:49]} 24. Qf6 {[%emt 0:01:24]} Qxc3 {[%emt 0:00:05]} 25. Ne7+ {[%emt 0:02:36]} Bxe7 {[%emt 0:00:05]} 26. Qxc3 {[%emt 0:00:05]} Bf8 {[%emt 0:00:35]} 27. Re1 {[%emt 0:00:48]} Rac8 {[%emt 0:01:00]} 28. Qa5 {[%emt 0:00:12]} Bb7 {[%emt 0:00:30]} 29. h4 {[%emt 0:01:25]} Rd6 {[%emt 0:02:29]} 30. Re2 {[%emt 0:00:41]} Rdc6 {[%emt 0:01:28]} 31. c3 {[%emt 0:00:03]} Bd6 {[%emt 0:00:13]} 32. a4 {[%emt 0:00:50]} Bc7 {[%emt 0:02:17]} 33. Qb4 {[%emt 0:00:05]} Rc4 {[%emt 0:00:09]} 34. Qe7 {[%emt 0:00:45]} Rxf4 {[%emt 0:00:07]} 35. Kg1 {[%emt 0:00:44]} Bc6 {[%emt 0:00:31]} 36. Qc5 {[%emt 0:01:02]} Rxh4 {[%emt 0:01:29]} 37. Kf2 {[%emt 0:00:39]} Rf4+ {[%emt 0:00:37]} 38. Kg1 {[%emt 0:00:02]} Rf6 {[%emt 0:01:02]} 39. Qe7 {[%emt 0:00:46]} Rf5 {[%emt 0:01:03]} 40. Rd2 {[%emt 0:00:43]} Re5 {[%emt 0:01:19]} 41. Qf6 {[%emt 0:00:21]} Re6 {[%emt 0:00:54]} 42. Qh4 {[%emt 0:00:13]} Rce8 {[%emt 0:00:21]} 43. Kf2 {[%emt 0:00:57]} Bb6+ {[%emt 0:00:21]} 44. Kg3 {[%emt 0:00:05]} Re3+ {[%emt 0:00:04]} 45. Kh2 {[%emt 0:00:13]} Bc7+ {[%emt 0:00:04] Qe1 [%emt 00:00:36]} 0-1

[Event "2nd Guotai Cup Belt Road 2019"]
[Site "Qinhuangdao"]
[Date "2019.04.17"]
[Round "2.1"]
[White "Peng, Xiongjian"]
[Black "Wang, Hao"]
[Result "1/2-1/2"]
[WhiteElo "2459"]
[BlackElo "2726"]
[Annotator "TA"]
[PlyCount "51"]
[EventDate "2019.04.16"]
[EventType "swiss"]
[EventCountry "CHN"]
[SourceTitle "playchess.com"]
[Source "ChessBase"]
[SourceQuality "1"]

{[%evp 9,51,17,30,17,18,0,14,7,2,17,21,10,15,13,0,0,0,0,0,0,0,0,0,-12,-8,-8,-8,-8,-8,-8,-10,-10,-10,-10,-10,-10,-10,-10,-9,-10,-7,-8,0,0]} 1. d4 Nf6 2. c4 e6 3. Nf3 d5 4. Nc3 Nbd7 5. Bg5 {[%cal Bc1g5,Bg5f4,Bf4d6][%mdl 32]} h6 {LiveBook: 262 Games} 6. Bf4 {D51: Queen's Gambit Declined: 4 Bg5 Nbd7 sidelines} (6. Bh4 Be7 7. Qc2 c5 8. cxd5 Nxd5 9. Bxe7 Qxe7 10. Nxd5 exd5 11. dxc5 Nxc5 12. e3 O-O 13. Be2 Bg4 14. O-O Rac8 15. Rac1 Qf6 16. Qd2 Ne4 17. Qd4 Bxf3 18. Qxf6 Nxf6 {½-½ (18) Lenic,L (2657)-Kravtsiv,M (2641) Hungary 2018}) 6... Bb4 {The position is equal.} 7. e3 c5 $146 ({Predecessor:} 7... c6 8. a3 Bxc3+ 9. bxc3 O-O 10. h3 Qa5 11. Qb3 c5 12. Bd3 {1-0 (43) Androni,K (1805)-Themeli,D (1642) Kallithea 2009}) 8. Be2 O-O 9. O-O dxc4 10. Bd6 Re8 11. Nb5 {[%cal Bc3b5,Bb5d6,Bd6e4][%mdl 32]} Qb6 12. Bxc4 {[#] Strongly threatening a3.} a6 13. dxc5 Bxc5 14. Bxc5 Qxc5 15. Nd6 {Rc1 is the strong threat.} Rd8 {[#] Threatens to win with ...Nb6.} 16. Rc1 Ne5 17. Ne4 $1 {[%cal Re4f6]} Qe7 18. Qe2 Nxc4 19. Qxc4 Bd7 {Hoping for ...Bb5.} 20. Qc5 Qxc5 21. Nxf6+ gxf6 22. Rxc5 Rac8 23. Rxc8 Rxc8 24. Rd1 Kf8 25. Ne1 Ba4 26. b3 {Precision: White = 61%, Black = 72%.} 1/2-1/2

[Event "2nd Guotai Cup Belt Road 2019"]
[Site "Qinhuangdao"]
[Date "2019.04.17"]
[Round "2.2"]
[White "Zvjaginsev, Vadim"]
[Black "Chen, Qi b"]
[Result "1-0"]
[WhiteElo "2641"]
[BlackElo "2424"]
[Annotator "TA"]
[PlyCount "47"]
[EventDate "2019.04.16"]
[EventType "swiss"]
[EventCountry "CHN"]
[SourceTitle "playchess.com"]
[Source "ChessBase"]
[SourceQuality "1"]

{[%evp 12,47,0,-10,16,21,15,12,16,16,17,18,16,19,25,14,20,12,20,20,25,6,50,36,42,43,33,39,56,31,52,17,81,83,79,76,115,114]} 1. g3 d5 2. Nf3 g6 3. Bg2 Bg7 4. O-O Nf6 5. c4 c6 6. Qc2 O-O 7. b3 Bg4 {A11: English Opening: 1...c6} 8. Bb2 Nbd7 9. d3 a5 {The position is equal.} 10. Nbd2 Re8 11. h3 Bxf3 12. Nxf3 e5 13. cxd5 Nxd5 14. a3 Nc7 $146 ({Predecessor:} 14... Qe7 15. e3 Qc5 16. Rac1 Qxc2 17. Rxc2 {1-0 (96) Giri,A (2798)-Pohjala,H (2408) Skopje 2015}) 15. Rfd1 Ne6 16. e3 Qb6 17. Rab1 Qc5 18. Qxc5 Nexc5 19. b4 axb4 20. axb4 {[%cal Ba3b4,Bb4b5][%mdl 32]} Na6 21. d4 Nc7 (21... e4 $1 $11 {keeps the balance.} 22. Nd2 f5) 22. dxe5 {White is better.} Re7 23. Bf1 Rae8 24. b5 {Accuracy: White = 79%, Black = 30%.} 1-0

[Event "2nd Guotai Cup Belt Road 2019"]
[Site "Qinhuangdao"]
[Date "2019.04.17"]
[Round "2.3"]
[White "Zhang, Ziji"]
[Black "Yilmaz, Mustafa"]
[Result "1/2-1/2"]
[WhiteElo "2414"]
[BlackElo "2631"]
[Annotator "TA"]
[PlyCount "44"]
[EventDate "2019.04.16"]
[EventType "swiss"]
[EventCountry "CHN"]
[SourceTitle "playchess.com"]
[Source "ChessBase"]
[SourceQuality "1"]

{[%evp 11,44,0,18,6,3,0,18,12,20,0,9,6,22,16,12,0,-10,-2,0,0,0,0,0,-28,0,0,0,0,18,17,18,0,5,0,0]} 1. Nf3 Nf6 2. c4 e6 3. Nc3 Bb4 4. d4 O-O 5. e3 d5 6. Bd3 b6 7. cxd5 {E52: Nimzo-Indian: Rubinstein: 4...0-0 5 Nf3 d5 6 Bd3 b6} exd5 8. O-O Ba6 9. Bxa6 Nxa6 10. Qa4 Qc8 11. Bd2 Bd6 $146 ({You set blue moves yourself with the critical opening position annotation.:} 11... Re8 12. Rac1 Bf8 13. Ne2 c5 14. dxc5 bxc5 15. Ng3 {½-½ (30) Vitiugov,N (2726)-Ponomariov,R (2709) Tallinn 2016}) 12. Rac1 Qb7 13. Rfd1 Rfe8 14. Be1 c6 15. Ne2 Rac8 16. Rc2 Ne4 17. Rdc1 {[%cal Rc2c6]} Nb8 18. Ng3 {The position is equal.} Nxg3 19. hxg3 Re6 20. Bb4 Bc7 21. Qb3 Rce8 22. a4 Rh6 {NOTEXT-4805: Tournament = 47%, Annotator = 44%.} 1/2-1/2

[Event "2nd Guotai Cup Belt Road 2019"]
[Site "Qinhuangdao"]
[Date "2019.04.17"]
[Round "2.4"]
[White "Chu, Wei Chao"]
[Black "Oparin, Grigoriy"]
[Result "0-1"]
[WhiteElo "2387"]
[BlackElo "2624"]
[Annotator "TA"]
[PlyCount "50"]
[EventDate "2019.04.16"]
[EventType "swiss"]
[EventCountry "CHN"]
[SourceTitle "playchess.com"]
[Source "ChessBase"]
[SourceQuality "1"]

{[%evp 18,50,16,11,38,0,0,-8,0,-9,0,-31,-16,-24,-18,-30,0,0,0,0,8,0,0,-21,0,0,8,-54,-23,-70,-58,-64,-55,-46,-53]} 1. d4 Nf6 2. c4 e6 3. g3 c5 4. d5 exd5 5. cxd5 d6 6. Nc3 g6 7. Bg2 Bg7 8. Nf3 O-O 9. O-O Re8 10. Bf4 Bf5 {A62: Modern Benoni: Fianchetto Variation without early ...Nbd7} 11. Nd2 (11. Nh4 $5 {[%cal Rh4f5]}) (11. Bg5 h6 12. Bxf6 Bxf6 13. Nd2 Bc8 14. Nc4 Bxc3 15. bxc3 b5 16. Nd2 Nd7 17. Re1 a5 18. Qc2 {½-½ (29) Tomashevsky,E (2702)-Svidler,P (2763) Palma de Mallorca 2017}) 11... Nh5 12. Be3 Nd7 {The position is equal.} 13. Nc4 Nb6 14. Qb3 Nxc4 15. Qxc4 a6 16. a4 $1 Rxe3 $146 ({Predecessor:} 16... Rb8 17. Bc1 Bd7 18. a5 {0-1 (35) Cuevas,A (2306)-Saldano Dayer,H (2402) Rosario 2018}) 17. fxe3 Qg5 18. Nd1 Bd7 19. Ra3 Re8 20. Qc2 Nf6 21. e4 Ng4 22. Raf3 (22. Bh3 $11) 22... Ne5 23. Rf4 Qd8 {Black is slightly better.} 24. b3 b5 25. axb5 axb5 {Accuracy: White = 44%, Black = 65%.} 0-1

[Event "2nd Guotai Cup Belt Road 2019"]
[Site "Qinhuangdao"]
[Date "2019.04.17"]
[Round "2.5"]
[White "Antipov, Mikhail Al."]
[Black "Zou, Chen"]
[Result "1/2-1/2"]
[WhiteElo "2605"]
[BlackElo "2397"]
[Annotator "TA"]
[PlyCount "42"]
[EventDate "2019.04.16"]
[EventType "swiss"]
[EventCountry "CHN"]
[SourceTitle "playchess.com"]
[Source "ChessBase"]
[SourceQuality "1"]

{[%evp 15,42,27,32,22,23,15,32,12,14,-12,-12,-17,22,30,39,43,35,29,33,31,38,36,42,35,43,48,68,67,86]} 1. Nf3 Nf6 2. g3 g6 3. Bg2 Bg7 4. c4 c6 5. O-O O-O 6. b3 Ne4 7. d4 d5 8. Bb2 a5 9. Nfd2 {D78: Fianchetto Grünfeld: 6 0-0 c6} Nxd2 10. Nxd2 Be6 11. Rb1 $146 ({Predecessor:} 11. e4 dxc4 12. Nxc4 Bxc4 13. bxc4 c5 14. e5 cxd4 15. Qxd4 Nc6 16. Bxc6 bxc6 {1-0 (40) Carlsen,M (2853)-Nakamura,H (2787) chess.com INT 2016}) 11... a4 12. e4 axb3 13. axb3 dxc4 14. Nxc4 Ra2 15. d5 Bxb2 16. Rxb2 Rxb2 17. Nxb2 {White is slightly better.} cxd5 18. exd5 Bd7 19. Qd4 Bb5 20. Re1 Qd6 21. Nd1 Bd7 1/2-1/2

[Event "2nd Guotai Cup Belt Road 2019"]
[Site "Qinhuangdao"]
[Date "2019.04.17"]
[Round "2.6"]
[White "Nie, Xinyang"]
[Black "Idani, Pouya"]
[Result "1-0"]
[WhiteElo "2346"]
[BlackElo "2590"]
[Annotator "TA"]
[PlyCount "51"]
[EventDate "2019.04.16"]
[EventType "swiss"]
[EventCountry "CHN"]
[SourceTitle "playchess.com"]
[Source "ChessBase"]
[SourceQuality "1"]

{[%evp 17,51,20,26,14,21,1,2,1,10,0,4,0,25,21,24,14,27,0,31,8,8,14,13,0,0,0,33,10,10,7,11,12,13,3,37,29]} 1. d4 f5 2. Nf3 Nf6 3. g3 g6 4. Bg2 Bg7 5. b3 O-O 6. Bb2 b6 7. O-O Bb7 8. c4 e6 9. Nc3 Ne4 10. e3 {A81: Dutch Defence: 2 g3} (10. Rc1 Qe7 11. d5 Na6 12. Nd2 Nd6 13. Ba3 e5 14. b4 e4 15. c5 Nf7 16. Nc4 bxc5 17. bxc5 Nxc5 {½-½ (46) Xu,J (2501)-Xu,X (2574) Xinghua 2018}) 10... d6 11. Qc2 (11. Ne2 {is more complex.} Qe7 12. h4 c6 13. Nd2 Nf6 14. e4) 11... Nxc3 12. Bxc3 {The position is equal.} Be4 13. Qb2 Nd7 14. Ne1 Nf6 15. f3 Bb7 16. Qe2 $146 ({Predecessor:} 16. Nd3 g5 17. Rae1 Qe8 {0-1 (34) Sorensen,B (2258)-Murey,J (2433) Hockenheim 2007}) 16... c5 17. Rd1 Qc7 18. e4 cxd4 19. Bxd4 e5 20. Bf2 fxe4 21. fxe4 Qc6 {[%cal Rf6e4]} 22. Nc2 Nxe4 {...Nc3! is the strong threat.} 23. Nb4 {[#]} Nc3 $1 {[%csl Gb7][%cal Rc6g2][%mdl 64] Double Attack} 24. Bxc6 Nxe2+ 25. Kg2 $1 Bxc6+ 26. Nxc6 {[%mdl 32768] Accuracy: White = 22%, Black = 45%. . Loss on time!?} 1-0

[Event "2nd Guotai Cup Belt Road 2019"]
[Site "Qinhuangdao"]
[Date "2019.04.17"]
[Round "2.7"]
[White "Xu, Yinglun"]
[Black "Zhao, Chenxi"]
[Result "1-0"]
[WhiteElo "2532"]
[BlackElo "2367"]
[Annotator "TA"]
[PlyCount "56"]
[EventDate "2019.04.16"]
[EventType "swiss"]
[EventCountry "CHN"]
[SourceTitle "playchess.com"]
[Source "ChessBase"]
[SourceQuality "1"]

{[%evp 24,56,30,31,15,-10,12,0,14,10,38,30,76,74,81,49,93,103,270,260,287,293,355,316,304,317,310,273,469,462,472,316,703,323,683]} 1. Nf3 Nf6 2. c4 b6 3. g3 Bb7 4. Bg2 e6 5. O-O Be7 6. Nc3 O-O 7. Re1 d5 8. cxd5 Nxd5 9. e4 Nxc3 10. bxc3 c5 11. d4 cxd4 12. cxd4 Nd7 13. Bf4 Nf6 {A30: Symmetrical English: Double Fianchetto and Hedgehog} 14. Qd3 (14. Ne5 Rc8 15. Re3 Nd7 16. h4 Nxe5 17. Bxe5 Bf6 18. Bxf6 Qxf6 19. d5 exd5 20. exd5 Rfd8 21. Rc1 {1-0 (42) Kovalyov,A (2571)-Azarov,S (2613) ICC INT 2008}) 14... Rc8 15. a3 $146 ({Predecessor:} 15. Rad1 Bb4 16. Re2 Qe8 17. Qb3 a5 18. Ne5 Rc3 19. Qb1 Qa4 20. Nd3 Ba3 21. Ree1 {1-0 (29) Bistric,F (2494)-Nikolac,J (2428) Neum 2002}) 15... Nh5 {The position is equal.} 16. Bd2 Qc7 17. Rec1 Qd7 18. Ne5 $36 {[%mdl 2048] White is on the roll.} Qa4 19. d5 {[%cal Bd4d5,Bd5e6,Be6f7][%mdl 32]} Bc5 20. Bb4 Bxb4 $2 (20... exd5 $16 21. exd5 Nf6) 21. axb4 $18 Qxb4 {[#]} 22. dxe6 $1 {aiming for Qd7.} Nf6 23. exf7+ Kh8 24. Rxc8 Bxc8 25. Rxa7 Qe1+ $2 {[#]} (25... Be6 26. h3 Qc5) 26. Qf1 Qc3 27. Qa1 Qc5 $2 (27... Qxa1+ 28. Rxa1 Ng4) 28. Qa3 (28. Nd3 $142 Qc4 29. e5) 28... Nd7 $2 {Accuracy: White = 62%, Black =  6%.} (28... Qxa3 29. Rxa3 Ng4) 1-0

[Event "2nd Guotai Cup Belt Road 2019"]
[Site "Qinhuangdao"]
[Date "2019.04.17"]
[Round "2.8"]
[White "Fang, Yuxiang"]
[Black "Peng, Hongchi"]
[Result "0-1"]
[WhiteElo "2472"]
[BlackElo "2347"]
[Annotator "TA"]
[PlyCount "37"]
[EventDate "2019.04.16"]
[EventType "swiss"]
[EventCountry "CHN"]
[SourceTitle "playchess.com"]
[Source "ChessBase"]
[SourceQuality "1"]

{[%evp 9,37,15,15,21,34,30,66,20,12,0,0,0,7,-8,12,0,0,8,1,0,14,-2,-13,-16,-20,-33,73,40,56,33]} 1. d4 d5 2. Nc3 Nf6 3. Bf4 Bf5 (3... e6 4. Nb5 Na6 5. e3 Be7 6. Nf3 O-O 7. Bd3 c6 8. Nc3 Nb4 9. h3 Nxd3+ 10. cxd3 b6 11. O-O Bb7 {0-1 (40) Rapport,R (2731)-Giri,A (2783) Wijk aan Zee 2019}) 4. f3 e6 5. g4 Bg6 6. h4 {[#] Hoping for h5. D00: 1 d4 d5: Unusual lines} h5 7. g5 Ng8 8. e3 Bd6 9. Nh3 Ne7 10. Qd2 c5 $146 ({Predecessor:} 10... a6 11. O-O-O {0-1 (35) Priyadharshan,K (2460)-Finegold,B (2493) Saint Louis 2014}) 11. O-O-O c4 12. Nb5 Bxf4 13. Nxf4 a6 14. Nc3 b5 {[%cal Bb7b5,Bb5b4][%mdl 32]} 15. Nxg6 Nxg6 16. e4 b4 17. Na4 Qa5 (17... Nc6 $15 {stays ahead.}) 18. b3 Nd7 19. Kb1 {[%mdl 32768] Accuracy: White = 27%, Black = 46%. . Sensor Board Error (Ke4/e5)?} 0-1

[Event "2nd Guotai Cup Belt Road 2019"]
[Site "Qinhuangdao"]
[Date "2019.04.17"]
[Round "2.9"]
[White "Sarukhanyan, Samvel"]
[Black "Dai, Changren"]
[Result "0-1"]
[WhiteElo "2038"]
[BlackElo "2472"]
[Annotator "TA"]
[PlyCount "60"]
[EventDate "2019.04.16"]
[EventType "swiss"]
[EventCountry "CHN"]
[SourceTitle "playchess.com"]
[Source "ChessBase"]
[SourceQuality "1"]

{[%evp 11,60,8,23,-7,-16,-114,63,61,116,107,91,54,56,-77,-68,-158,-157,-163,-127,-124,-127,-127,-112,-152,-133,-126,-100,-189,-192,-186,-176,-179,-173,-185,-186,-198,-204,-218,-212,-230,-236,-227,-224,-242,-239,-220,-228,-397,-367,-368,-354]} 1. e4 c5 2. Nf3 Nc6 3. d4 cxd4 4. Nxd4 Nf6 5. Nc3 d6 6. Be2 g6 7. g4 {B70: Sicilian Dragon: 6 g3 and 6 Be2 (without a later Be3)} (7. Be3 Bg7 8. O-O O-O 9. Qd2 Bd7 10. f3 Rc8 11. Rfd1 a6 12. Nxc6 Bxc6 13. a4 Nd7 14. a5 Qc7 15. Bd4 Rfd8 16. Qe3 {½-½ (16) Kovchan,A (2583)-Kryvoruchko,Y (2711) Lvov 2015}) 7... Bg7 8. Be3 {[#]} (8. Nb3 $11 {keeps the balance.}) 8... Qa5 $2 ({Black should play} 8... Nxg4 $1 $17 {[%mdl 512]} 9. Bxg4 Bxg4 10. Qxg4 (10. Nxc6 $2 Bxd1 11. Nxd8 Bf3 $19) 10... Nxd4) 9. Nb3 $14 {White is slightly better.} Qe5 (9... Qd8 $14) 10. f4 $146 ({Predecessor:} 10. f3 O-O 11. Qd2 Rd8 12. g5 Ne8 13. Bc4 d5 14. exd5 Nb4 15. Ne4 Nd6 16. Qxb4 Nxe4 {0-1 (25) Alfaro,H-Maiztegui Casas,L Pinamar 1975}) 10... Qe6 {[%cal Rf6g4]} 11. f5 Qe5 12. Qd3 (12. Qc1 $14 {keeps the upper hand.} Nxe4 13. Bf4 Nxc3 14. Bxe5 Nxe2 15. Kxe2 (15. Bxg7 Nxc1 16. Bxh8 Nxb3 $17) 15... Bxe5 16. c3) 12... Nb4 $17 13. Qb5+ (13. Qd1 $15 gxf5 14. Bd4) 13... Qxb5 14. Bxb5+ Bd7 15. O-O-O Nxa2+ {[%mdl 64] [#] Deflection} 16. Nxa2 {Threatens to win with Bxd7+.} Bxb5 17. Nc3 Bc6 $36 {[%mdl 2048] Black is on the roll.} 18. Bd4 O-O 19. Nd5 (19. Rhg1 $17) 19... Bxd5 $19 ({But not} 19... Nxd5 20. Bxg7 Kxg7 21. exd5 $17) ({Inferior is} 19... Nxe4 20. Nxe7+ Kh8 21. Na5 $11) 20. Bxf6 Bxb3 ({Don't take} 20... exf6 21. Rxd5 Rae8 22. Rxd6 $15) 21. Bxg7 Kxg7 22. cxb3 {[%mdl 4096] Endgame KRR-KRR} Rfc8+ 23. Kb1 Rc5 24. Rhf1 f6 25. h4 Re5 26. Rd4 Rc8 27. Rf2 b5 28. Rf1 a5 29. Rc1 $2 (29. fxg6 {was worth a try.} hxg6 30. Rh1) 29... Rxc1+ 30. Kxc1 h5 {Accuracy: White = 25%, Black = 69%.} 0-1